000 00566cab a22001815a 4500
001 L158518
008 150413e2015 xxk 000 0 eng d
035 _a(Sirsi) u158518
041 0 _aeng
110 2 _aExperian Economics
_95977
245 0 0 _aTracker February 2015
490 _aBuilding
_v280(8868) 2 April 2015, 46-49 (4)
520 _aExperian Economics survey of the construction sector in the UK in February 2015.
650 2 4 _aEXPERIAN CONSTRUCTION INDUSTRY FOCUS
651 4 _aUnited Kingdom
_y
690 _aConstruction management
_96230
942 _n0
999 _c84616
_d84616